000 00854nam0a22002771 4500
001 v19\rc\1823987
005 20260406061604.0
035 _a(NLR Aleph) 004921315
090 _a5581181
_c5581181
100 _a20071224d1907 |||y0rusy50 ca
101 0 _arus
102 _aRU
105 _ay z |||||
200 1 _aСтарец Федор Кузьмич
_e1837-1864 гг.
210 _aТомск
_cпаровая типо-лит. П.И. Макушина
_d1907
215 _a[2], 24 с.
_d19
320 _aБиблиогр.: с. 24
702 0 _4570
_8rus
_7ca
_aФедор Кузьмич
_cстарец
_f-1864
_3RU\NLR\AUTH\7711798
_9121538
801 0 _aRU
_bNLR
_gpsbo
801 0 _aRU
_bRuMoRGB
_2psbo
801 1 _aRU
_bProSoft-M
_2rusmarc
852 _aNLR
_j18.271.7.385
899 _aRuMoRGB
_jM 24/390
942 _cBOOK
980 _aNB